00000000nam##2200000za#4500
0019.625651
003CaOODSP
00520200327183756
007ta
008150406|1999||||xxc|||||     f|0| 0 fre|d
040 |aCaOODSP|bfre
043 |an-cn---
0861 |aH113-1/17-1999F
1101 |aCanada.|bSanté Canada. |bAgence de réglementation de la lutte antiparasitaire.
24510|aLutte efficace contre les araignées de maison
260 |aOttawa - Ontario : |bSanté Canada. |c1999.
300 |a1 feuille pliée. : |bill. ; |c22 cm.
4901 |aFeuillet de renseignements sur les organismes nuisibles
563 |aDépliant
590 |a01-41|b2001-10-12
69107|aPesticide|2gcpds
69107|aOrganisme nuisible|2gcpds
77508|tEffective control of household spiders |w(CaOODSP)9.615598
7760#|tLutte efficace contre les araignées de maison |w(CaOODSP)9.602899
830#0|aFeuillet de renseignements sur les organismes nuisibles.|w(CaOODSP)9.513058